| 000 | 00411cam a2200145ua 4500 | ||
|---|---|---|---|
| 041 |
_aeng _h |
||
| 082 |
_a028.71621 _bCAR/ME |
||
| 100 | _aCarmichael, Colin . | ||
| 245 |
_aMechanical engineer`s Handbook : Design and Production Volume / _cColin Carmichael. _hTextual Documents |
||
| 260 |
_aNew York : _bJohn Wiley & Sons , _c1950. |
||
| 300 | _a1340 ; . | ||
| 504 | _a | ||
| 942 | _cBK | ||
| 999 |
_c3123 _d3123 |
||